Bhavbhooti aur jeevan mulaya/ (Record no. 60460)

000 -LEADER
fixed length control field 00399nam a22001577a 4500
020 ## - INTERNATIONAL STANDARD BOOK NUMBER
ISBN 97881908503163
082 ## - DEWEY DECIMAL CLASSIFICATION NUMBER
Classification number H200 7
Item number YAD/B
100 ## - MAIN ENTRY--AUTHOR NAME
Personal name Yadram Meena
245 ## - TITLE STATEMENT
Title Bhavbhooti aur jeevan mulaya/
Statement of responsibility, etc by Yadram Meena
260 ## - PUBLICATION, DISTRIBUTION, ETC. (IMPRINT)
Place of publication Jodhpur:
Name of publisher Siddharth Enterprises,
Year of publication 2012.
300 ## - PHYSICAL DESCRIPTION
Number of Pages 240p.
650 ## - SUBJECT ADDED ENTRY--TOPICAL TERM
Topical Term Drama Hindi Study
650 ## - SUBJECT ADDED ENTRY--TOPICAL TERM
Topical Term Literature Hindi
650 ## - SUBJECT ADDED ENTRY--TOPICAL TERM
Topical Term Literature
942 ## - ADDED ENTRY ELEMENTS (KOHA)
Koha item type Book
Holdings
Withdrawn status Lost status Damaged status Not for loan Permanent Location Current Location Shelving location Date acquired Cost, normal purchase price Full call number Accession Number Price effective from Koha item type
        Sree Sankaracharya University of Sanskrit Sree Sankaracharya University of Sanskrit Stacks 02.05.2016 350.00 H2007 YAD/B 074256 02.05.2016 Book